000 00587cam a22002052 4500
001 000014327
005 20200929163557.0
008 840926s1909 sp 000 0 spa
010 _a26012123
040 _aDO-SdBNP
_cCarP
_dDLC
050 0 0 _aBJ1498
_b.S63
100 1 _aSmiles, Samuel,
_d1812-1904.
_932325
240 0 0 _aLife and labor. Spanish.
245 1 0 _aVida y trabajo;.
260 _aBarcelona, :
_bSopena,
_c[1909].
300 _a432 p. ;
_c19 cm.
650 0 _aWork.
_932326
650 0 _aConduct of life.
_932207
700 1 _aNunez de Prado, Guillermo,
_db. 1874
_etr.
_932327
999 _c13922
_d13922